| 000 | 01864nam a2200277Ia 4500 | ||
|---|---|---|---|
| 008 | 260220t1987||||xx |||||||||||||| ||spa|| | ||
| 020 | _a9688800864 | ||
| 040 |
_aPY-SlUNAC _bspa _erda |
||
| 041 | _aspa | ||
| 082 |
_a515.15 _bEd95c |
||
| 100 |
_aEdwards, C. H. _eAutor |
||
| 245 | 0 |
_aCálculo y geometría analítica / _cpor C. H. Edwards [Autor] y David E. Penny [Autor] |
|
| 250 | _aSegunda edición | ||
| 264 |
_aCiudad de México : _bPrentice-Hall, _c℗1987. |
||
| 300 | _a1 volumen | ||
| 520 | _aEl libro "Cálculo y geometría analítica" de C. H. Edwards es una obra fundamental que aborda los conceptos esenciales del cálculo diferencial e integral, así como la geometría analítica. Con un enfoque claro y estructurado, el autor presenta los principios matemáticos a través de ejemplos prácticos y aplicaciones, lo que facilita la comprensión de los temas tratados. La obra se organiza en capítulos que exploran desde las funciones y límites hasta integrales, derivadas y sus aplicaciones en problemas de la vida real. Además, se destacan las conexiones entre el cálculo y la geometría, enfatizando cómo las representaciones gráficas pueden enriquecer la comprensión de las funciones matemáticas. El texto también incluye numerosos ejercicios y problemas de práctica que permiten a los estudiantes consolidar su aprendizaje. En conjunto, el libro se posiciona como una herramienta valiosa para estudiantes de matemáticas, ingenieros y científicos, favoreciendo un aprendizaje profundo y aplicado del cálculo y la geometría analítica. | ||
| 653 | _aCálculo | ||
| 653 | _aGeometría | ||
| 653 | _aMatemáticas | ||
| 700 |
_aPenny, David E. _eAutor |
||
| 942 |
_b2026/02/17 _cBK |
||
| 999 |
_c7561 _d7561 |
||